000 00888cam a2200313Ma 4500
001 81311
005 20230410123921.0
008 081118s2008 mx 000 0 spa d
035 _a(OCoLC)ocn427558217
040 _aUNAMX
_bspa
_cUNAMX
020 _a9789682327582
020 _a968232758X
035 _a(OCoLC)427558217
050 1 4 _aLA 422
_bO74p 2008
082 0 0 _a379.72
049 _aGRAL
100 1 _aOrnelas, Carlos.
245 1 0 _aPolítica, poder y pupitres :
_bcrítica al nuevo federalismo educativo /
_cpor Carlos Ornelas.
260 _aMéxico, D. F. :
_bSiglo XXI,
_c2008.
300 _a284 p.
440 0 _aEducación
650 0 _aEducation
_zMexico.
650 0 _aEducation and State
_zMexico.
650 4 _aEducación y Estado - México.
650 4 _aPolítica y educación - México.
942 _2lcc
_cbk
946 _amjcruz
994 _aC0
_bDRFGD
999 _c68181
_d68181